[Event "Summer Prague Open 2019 - A"]
[Site "Olympik hotel, Sokolovska 138,"]
[Date "2019.08.02"]
[Round "1"]
[White "Qashashvili, Alexandre"]
[Black "Harazinska, Magdalena"]
[Result "1-0"]
[WhiteElo "2497"]
[BlackElo "2025"]
[PlyCount "73"]
[EventDate "2019.08.02"]

1. e4 c5 2. Nf3 d6 3. d4 cxd4 4. Nxd4 Nf6 5. Nc3 a6 6. Bc4 e6 7. O-O b5 8. Bb3
Bb7 9. Re1 Be7 10. Bxe6 O-O 11. Bb3 Re8 12. Nf5 Bf8 13. Bg5 h6 14. Bh4 Nc6 15.
f4 Bc8 16. Nd5 Bxf5 17. Bxf6 gxf6 18. exf5 Rxe1+ 19. Qxe1 Bg7 20. Qg3 Kh7 21.
Re1 Qd7 22. Qe3 Qxf5 23. c3 Rb8 24. Qd2 Qd7 25. Bc2+ Kg8 26. Qd3 Kf8 27. h3 Re8
28. Rf1 Ne7 29. Ne3 Rd8 30. Kh2 d5 31. Qh7 d4 32. cxd4 Qxd4 33. Rf3 f5 34. b3
Qb2 35. Rg3 Rd2 36. Bxf5 Rf2 37. Nd1 1-0

[Event "Summer Prague Open 2019 - A"]
[Site "Olympik hotel, Sokolovska 138,"]
[Date "2019.08.02"]
[Round "1"]
[White "Koustav, Chatterjee"]
[Black "Vrecion, Jiri"]
[Result "1-0"]
[WhiteElo "2429"]
[BlackElo "2019"]
[PlyCount "61"]
[EventDate "2019.08.02"]

1. Nf3 Nf6 2. c4 g6 3. Nc3 d5 4. cxd5 Nxd5 5. h4 Bg7 6. h5 Nxc3 7. bxc3 c5 8.
Ba3 Qa5 9. Qb3 Nc6 10. Rh4 c4 11. Rxc4 O-O 12. Rc5 Qc7 13. hxg6 hxg6 14. Qa4
Bd7 15. Qh4 Rfe8 16. Ng5 b6 17. Rd5 Nd8 18. e3 Ne6 19. Bb5 Bxb5 20. Qh7+ Kf8
21. Nxe6+ fxe6 22. Rxb5 e5 23. Qxg6 Red8 24. Rb4 Rd6 25. Qg5 Rf6 26. Rg4 Rf7
27. c4 Rd8 28. Bb2 Ke8 29. Qh5 Kf8 30. Rd1 Qc5 31. Re4 1-0

[Event "Summer Prague Open 2019 - A"]
[Site "Olympik hotel, Sokolovska 138,"]
[Date "2019.08.02"]
[Round "1"]
[White "Unander, Matts"]
[Black "Ondersteijn, Niels"]
[Result "0-1"]
[WhiteElo "2017"]
[BlackElo "2397"]
[PlyCount "32"]
[EventDate "2019.08.02"]

1. e4 e5 2. Nf3 d6 3. d4 exd4 4. Nxd4 Nf6 5. Nc3 Be7 6. Be2 O-O 7. O-O Re8 8.
Re1 Bf8 9. Bf3 Nbd7 10. g3 Ne5 11. Bg2 Bg4 12. f3 c5 13. fxg4 cxd4 14. Ne2 d5
15. exd5 Nexg4 16. Bf3 Qb6 0-1

[Event "Summer Prague Open 2019 - A"]
[Site "Olympik hotel, Sokolovska 138,"]
[Date "2019.08.02"]
[Round "1"]
[White "Mikes, Jan"]
[Black "Lacina, Filip"]
[Result "1/2-1/2"]
[WhiteElo "2386"]
[BlackElo "2012"]
[Annotator "Stanice"]
[PlyCount "91"]
[EventDate "2019.08.02"]

1. e4 c6 2. d4 d5 3. Nd2 dxe4 4. Nxe4 Bf5 5. Ng3 Bg6 6. h4 h6 7. Nf3 Nd7 8. h5
Bh7 9. Bd3 Bxd3 10. Qxd3 Ngf6 11. Bd2 e6 12. O-O-O Be7 13. Kb1 O-O 14. c4 a5
15. Bf4 a4 16. Qe2 a3 17. b3 b5 18. Ne5 Qc8 19. Rc1 bxc4 20. Rxc4 Nxe5 21. dxe5
Nd5 22. Bd2 Qd7 23. Rhc1 c5 $11 24. Ne4 Qb5 25. Qg4 Kh8 26. Nxc5 Bxc5 27. Rxc5
Qd3+ 28. R1c2 Rfb8 29. Qc4 Qf5 30. g4 Qxe5 31. f4 Qf6 32. g5 Qf5 33. Qd4 Kh7
34. Ka1 hxg5 35. fxg5 Qf1+ 36. Rc1 Qf3 37. g6+ Kg8 38. gxf7+ Qxf7 39. Rg1 Kh7
40. h6 g6 41. Rcc1 Rf8 42. Bg5 Ra7 43. Rgf1 Qxf1 44. Qxa7+ Rf7 45. Qxa3 Qg2 46.
Bd8 1/2-1/2

[Event "Summer Prague Open 2019 - A"]
[Site "Olympik hotel, Sokolovska 138,"]
[Date "2019.08.02"]
[Round "1"]
[White "Babicka, Michal"]
[Black "Barua, Dibyendu"]
[Result "0-1"]
[WhiteElo "2002"]
[BlackElo "2379"]
[PlyCount "56"]
[EventDate "2019.08.02"]

1. e4 e6 2. d4 d5 3. Nd2 Nf6 4. e5 Nfd7 5. Bd3 c5 6. c3 Nc6 7. Ne2 cxd4 8. cxd4
f6 9. exf6 Qxf6 10. Nf3 h6 11. O-O Bd6 12. Be3 O-O 13. Rc1 Rd8 14. Bb1 Nf8 15.
Ng3 Bd7 16. Ne1 Bc7 17. Nd3 Be8 18. Nh5 Bxh2+ 19. Kxh2 Qh4+ 20. Kg1 Bxh5 21. f3
Rac8 22. Nf4 Bf7 23. Qd2 Qf6 24. Ne2 Bg6 25. Bxg6 Nxg6 26. Ng3 Nge7 27. Kf2 e5
28. Nh5 Qh4+ 0-1

[Event "Summer Prague Open 2019 - A"]
[Site "Olympik hotel, Sokolovska 138,"]
[Date "2019.08.02"]
[Round "1"]
[White "Yagupov, Igor"]
[Black "Hass, Manfred"]
[Result "1-0"]
[WhiteElo "2370"]
[BlackElo "2001"]
[PlyCount "67"]
[EventDate "2019.08.02"]

1. e4 c5 2. Nf3 e6 3. d4 cxd4 4. Nxd4 a6 5. Bd3 Nf6 6. O-O Qc7 7. Qe2 d6 8. c4
Be7 9. b3 O-O 10. Bb2 Nbd7 11. Nc3 b6 12. Rae1 Bb7 13. f4 Rad8 14. Kh1 Nb8 15.
Bb1 Nc6 16. Nf3 Nd7 17. Nd5 exd5 18. exd5 Bf6 19. Qc2 g6 20. Bxf6 Nxf6 21. dxc6
Bxc6 22. Qc3 Nh5 23. f5 Rde8 24. Rd1 Re2 25. Bd3 Re3 26. Qd2 Rfe8 27. Nd4 Be4
28. Be2 Qe7 29. Bxh5 gxh5 30. Kg1 Rd3 31. Qf2 Qg5 32. Rxd3 Bxd3 33. Rd1 Qe3 34.
Qxe3 1-0

[Event "Summer Prague Open 2019 - A"]
[Site "Olympik hotel, Sokolovska 138,"]
[Date "2019.08.02"]
[Round "1"]
[White "Sura, Jaroslav"]
[Black "Vavra, Pavel"]
[Result "1/2-1/2"]
[WhiteElo "1999"]
[BlackElo "2347"]
[Annotator "Stanice"]
[PlyCount "65"]
[EventDate "2019.08.02"]

1. e4 e6 2. Nf3 c5 3. c4 Nc6 4. Nc3 Nf6 5. d4 cxd4 6. Nxd4 Bb4 7. Qd3 Qa5 8.
Bd2 d5 9. cxd5 exd5 10. Nxc6 bxc6 11. exd5 O-O 12. Be2 Re8 13. O-O Nxd5 14.
Nxd5 Bxd2 15. Nc7 Bf5 16. Qg3 Rxe2 17. Nxa8 $11 Re8 18. Nc7 Rc8 19. Rfd1 Bc2
20. Rxd2 Qxd2 21. Na6 Bd3 22. Nc5 Qxb2 23. Re1 Bf5 24. Qf4 Qc3 25. Rc1 Bc2 26.
Ne4 Qd4 27. Nf6+ Qxf6 28. Qxf6 gxf6 29. Rxc2 c5 30. Rc4 Kf8 31. Kf1 Ke7 32. Ke2
Kd6 33. Ra4 1/2-1/2

[Event "Summer Prague Open 2019 - A"]
[Site "Olympik hotel, Sokolovska 138,"]
[Date "2019.08.02"]
[Round "1"]
[White "Kulhanek, Tomas"]
[Black "Farine, Jonathan"]
[Result "1-0"]
[WhiteElo "2342"]
[BlackElo "1993"]
[PlyCount "47"]
[EventDate "2019.08.02"]

1. e4 e5 2. Nf3 Nc6 3. d4 exd4 4. Bc4 Nf6 5. e5 d5 6. Bb5 Ne4 7. Nxd4 Bc5 8.
Be3 O-O 9. Nxc6 bxc6 10. Bxc5 Nxc5 11. Bxc6 Rb8 12. Qxd5 Qxd5 13. Bxd5 Rxb2 14.
Na3 Bf5 15. O-O-O Rfb8 16. Bb3 Nxb3+ 17. Kxb2 Nd4+ 18. Ka1 c5 19. c3 Ne2 20.
Rd5 c4 21. Rhd1 Rf8 22. Rd8 Nxc3 23. Rxf8+ Kxf8 24. Rc1 1-0

[Event "Summer Prague Open 2019 - A"]
[Site "Olympik hotel, Sokolovska 138,"]
[Date "2019.08.02"]
[Round "1"]
[White "Adrian, Leopold"]
[Black "Domogaev, Sergey"]
[Result "1/2-1/2"]
[WhiteElo "1990"]
[BlackElo "2336"]
[PlyCount "62"]
[EventDate "2019.08.02"]

1. c4 g6 2. Nf3 Bg7 3. d4 d6 4. g3 Nf6 5. Bg2 O-O 6. O-O Nc6 7. Nc3 a6 8. d5
Na5 9. Nd2 c5 10. Rb1 Rb8 11. b3 b5 12. Bb2 e5 13. dxe6 Bxe6 14. Nd5 bxc4 15.
Nxc4 Nxc4 16. bxc4 Rxb2 17. Rxb2 Nxd5 18. cxd5 Bxb2 19. dxe6 fxe6 20. Qb3 Qf6
21. Bh3 d5 22. Qe3 c4 23. Bxe6+ Kh8 24. Bxd5 Bd4 25. Qf3 Qxf3 26. Bxf3 Bb2 27.
Rd1 c3 28. Be4 Re8 29. Bd3 Re5 30. e3 Ra5 31. Bb1 Rc5 1/2-1/2

[Event "Summer Prague Open 2019 - A"]
[Site "Olympik hotel, Sokolovska 138,"]
[Date "2019.08.02"]
[Round "1"]
[White "Vokac, Marek"]
[Black "Gokhale, Anupama"]
[Result "1-0"]
[WhiteElo "2319"]
[BlackElo "1989"]
[PlyCount "73"]
[EventDate "2019.08.02"]

1. Nf3 Nf6 2. c4 e6 3. g3 b6 4. Bg2 Bb7 5. O-O c5 6. Nc3 Be7 7. Re1 d5 8. cxd5
exd5 9. d4 O-O 10. Bf4 Nc6 11. Rc1 Rc8 12. Bh3 Ra8 13. Nb5 Bc8 14. Bg2 a6 15.
Nc3 c4 16. Ne5 Bb7 17. Nxc4 dxc4 18. d5 Na5 19. d6 Bxg2 20. Kxg2 Re8 21. dxe7
Qxe7 22. e4 Qb7 23. Qf3 Rad8 24. Bg5 Rd3 25. Qf5 Nd7 26. Nd5 Ne5 27. Red1 Rxd1
28. Rxd1 Nac6 29. Bf6 Ng6 30. Bc3 h6 31. Nf6+ gxf6 32. Rd7 Nd4 33. Rxb7 Nxf5
34. exf5 Ne7 35. Rxb6 a5 36. Rb5 Ra8 37. a4 1-0

[Event "Summer Prague Open 2019 - A"]
[Site "Olympik hotel, Sokolovska 138,"]
[Date "2019.08.02"]
[Round "1"]
[White "Hlavina, Matous"]
[Black "Serrano Salvador, Eduardo"]
[Result "1/2-1/2"]
[WhiteElo "1989"]
[BlackElo "2306"]
[PlyCount "113"]
[EventDate "2019.08.02"]

1. e4 c5 2. Nf3 e6 3. d4 cxd4 4. Nxd4 Nc6 5. Nc3 Qc7 6. Nxc6 dxc6 7. Bd3 e5 8.
O-O Nf6 9. Qe1 Be7 10. f4 exf4 11. e5 Nh5 12. Qe4 g5 13. Qf3 Ng7 14. g3 Bh3 15.
Re1 fxg3 16. hxg3 Be6 17. Bd2 g4 18. Qf2 Qb6 19. Be3 Qa5 20. Ne4 Nf5 21. Bd2
Qb6 22. Nf6+ Kd8 23. Qxb6+ axb6 24. Kg2 Kc7 25. a3 h5 26. Rf1 Nd4 27. Be4 h4
28. gxh4 Rxh4 29. Be3 Nf3 30. Bf4 Ra4 31. Bg3 Nd2 32. Bxh4 Nxf1 33. Rxf1 Bxf6
34. Bxc6 Rc4 35. exf6 Rxc2+ 36. Rf2 Rxf2+ 37. Bxf2 bxc6 38. Kg3 c5 39. Kf4 Kd6
40. Be1 Kd5 41. Bc3 b5 42. Ke3 Bd7 43. Kf4 Kc4 44. Be5 Kd3 45. Bc3 Ke2 46. Kg3
Ke3 47. Be1 Ke4 48. Bc3 Kf5 49. Kf2 Kg5 50. Kg3 Bc6 51. Be5 Bf3 52. Bc3 Kf5 53.
Kf2 Kf4 54. Bd2+ Ke4 55. Kg3 Kd3 56. Bc3 Kc4 57. Be5 1/2-1/2

[Event "Summer Prague Open 2019 - A"]
[Site "Olympik hotel, Sokolovska 138,"]
[Date "2019.08.02"]
[Round "1"]
[White "Arpita, Mukherjee"]
[Black "Nedoma, Marek"]
[Result "1-0"]
[WhiteElo "2290"]
[BlackElo "1989"]
[PlyCount "55"]
[EventDate "2019.08.02"]

1. e4 e5 2. Nf3 Nc6 3. Bb5 a6 4. Ba4 Nf6 5. d3 b5 6. Bb3 h6 7. O-O Bc5 8. c3 d6
9. d4 exd4 10. cxd4 Bb6 11. h3 O-O 12. Re1 Re8 13. d5 Na5 14. Bc2 Bb7 15. Nc3
c6 16. dxc6 Bxc6 17. Nd4 Bb7 18. Nf5 b4 19. Nd5 Bxd5 20. exd5 Qc7 21. Rxe8+
Rxe8 22. Bf4 Bc5 23. Qf3 Nc4 24. Nxg7 Ne5 25. Bxe5 Rxe5 26. Qxf6 Re2 27. Nf5
Rxc2 28. Qg7# 1-0

[Event "Summer Prague Open 2019 - A"]
[Site "Olympik hotel, Sokolovska 138,"]
[Date "2019.08.02"]
[Round "1"]
[White "Pribylova, Sofie"]
[Black "Sorm, Daniel"]
[Result "0-1"]
[WhiteElo "1985"]
[BlackElo "2282"]
[PlyCount "72"]
[EventDate "2019.08.02"]

1. d4 d5 2. Nf3 Nf6 3. Bf4 c5 4. c3 Nc6 5. e3 Nh5 6. Bg5 h6 7. Bh4 g5 8. Bg3
Qb6 9. Qb3 c4 10. Qc2 Bf5 11. Qc1 Bg7 12. Be2 Nxg3 13. hxg3 e5 14. dxe5 Bxe5
15. Nbd2 Bf6 16. O-O Qc7 17. b3 cxb3 18. axb3 O-O 19. Ra4 Rfe8 20. Re1 a6 21.
Nb1 Rac8 22. Qd2 Be4 23. Bd3 Qb6 24. b4 Rcd8 25. Ra2 Qc7 26. Rc1 g4 27. Nd4
Bxd3 28. Qxd3 Nxb4 29. Qd2 Nxa2 30. Qxa2 Bxd4 31. exd4 Re4 32. Qd2 Qd6 33. Qd1
Rde8 34. Kh2 Qg6 35. Qd2 Re2 36. Qd1 Rxf2 0-1

[Event "Summer Prague Open 2019 - A"]
[Site "Olympik hotel, Sokolovska 138,"]
[Date "2019.08.02"]
[Round "1"]
[White "Doric, Nenad"]
[Black "Vermirovsky, Vlastimil"]
[Result "1/2-1/2"]
[WhiteElo "2275"]
[BlackElo "1979"]
[PlyCount "50"]
[EventDate "2019.08.02"]

1. e4 c5 2. Nf3 d6 3. d4 cxd4 4. Qxd4 Nc6 5. Bb5 Bd7 6. Bxc6 Bxc6 7. Nc3 e5 8.
Qd3 h6 9. Be3 Nf6 10. O-O-O a6 11. Nd2 b5 12. Kb1 Be7 13. f3 Qc7 14. Nd5 Nxd5
15. exd5 Bd7 16. g4 b4 17. Ne4 Bb5 18. Qd2 a5 19. h4 Qc4 20. Rh2 Bd7 21. Rg2 a4
22. h5 b3 23. cxb3 axb3 24. a3 Rc8 25. Rc1 Qxc1+ 1/2-1/2

[Event "Summer Prague Open 2019 - A"]
[Site "Olympik hotel, Sokolovska 138,"]
[Date "2019.08.02"]
[Round "1"]
[White "Plasil, Petr"]
[Black "Thakur, Akash"]
[Result "1/2-1/2"]
[WhiteElo "1976"]
[BlackElo "2273"]
[PlyCount "66"]
[EventDate "2019.08.02"]

1. d4 d5 2. c4 c6 3. Nf3 Nf6 4. Nc3 e6 5. e3 Nbd7 6. Bd3 Bd6 7. e4 dxe4 8. Nxe4
Nxe4 9. Bxe4 Bb4+ 10. Bd2 Qa5 11. O-O Nf6 12. Bc2 Bxd2 13. Qxd2 Qxd2 14. Nxd2
Ke7 15. Rad1 Rd8 16. Ne4 b6 17. Nxf6 Kxf6 18. Be4 Bb7 19. Rd2 Rd6 20. Rfd1 Rad8
21. b4 e5 22. dxe5+ Kxe5 23. f4+ Ke6 24. Rxd6+ Rxd6 25. Rxd6+ Kxd6 26. Bxh7 g6
27. f5 g5 28. Kf2 Ke5 29. f6 c5 30. b5 Be4 31. Bxe4 Kxe4 32. g4 Kd4 33. Kf3 Ke5
1/2-1/2

[Event "Summer Prague Open 2019 - A"]
[Site "Olympik hotel, Sokolovska 138,"]
[Date "2019.08.02"]
[Round "1"]
[White "Aronsson, Marten"]
[Black "Ouaki, Mark"]
[Result "1-0"]
[WhiteElo "2269"]
[BlackElo "1975"]
[PlyCount "51"]
[EventDate "2019.08.02"]

1. d4 Nf6 2. Nf3 g6 3. g3 c6 4. Bg2 d5 5. c4 Bg7 6. O-O Nbd7 7. cxd5 cxd5 8.
Nc3 O-O 9. Qb3 Nb6 10. Rd1 Bf5 11. Ne5 Ne4 12. Bf4 Nxc3 13. bxc3 f6 14. Nd3
Bxd3 15. exd3 Qd7 16. a4 e6 17. Re1 Rfe8 18. a5 Nc8 19. Rxe6 Ne7 20. Rae1 g5
21. Bd6 Nc6 22. Rxe8+ Rxe8 23. Rxe8+ Qxe8 24. Qxb7 Nxa5 25. Qxa7 Qd8 26. Qc7
1-0

[Event "Summer Prague Open 2019 - A"]
[Site "Olympik hotel, Sokolovska 138,"]
[Date "2019.08.02"]
[Round "1"]
[White "Pribyl, Viktor"]
[Black "Adrian, Claude"]
[Result "0-1"]
[WhiteElo "1969"]
[BlackElo "2258"]
[PlyCount "100"]
[EventDate "2019.08.02"]

1. d4 d5 2. Bf4 e6 3. e3 Bd6 4. Bg3 Nf6 5. Nd2 c5 6. Ngf3 O-O 7. c3 Qc7 8. Ne5
Nbd7 9. Ndf3 cxd4 10. Nxd7 Bxd7 11. Bxd6 Qxd6 12. exd4 b5 13. a3 a5 14. Bd3 b4
15. axb4 axb4 16. O-O bxc3 17. bxc3 Ra3 18. Rxa3 Qxa3 19. Qc1 Ra8 20. Ne5 h6
21. Nxd7 Nxd7 22. Qxa3 Rxa3 23. Rc1 Nb6 24. Be2 Kf8 25. Kf1 Ke7 26. Ke1 Ra2 27.
Kd1 Kd6 28. Rc2 Ra1+ 29. Rc1 Ra7 30. Rb1 Kc7 31. Kc2 f6 32. f4 Kc6 33. Kd3 Nc4
34. Bd1 Ra2 35. Bc2 Na3 36. Rc1 Kb5 37. g3 Kc6 38. h4 Kd6 39. Bb3 Rg2 40. Ra1
Rxg3+ 41. Kd2 Nc4+ 42. Bxc4 dxc4 43. Ra4 Kd5 44. Ra5+ Ke4 45. Ra4 Rg2+ 46. Ke1
Kd3 47. f5 exf5 48. d5 f4 49. d6 Ke3 50. Kf1 Rd2 0-1

[Event "Summer Prague Open 2019 - A"]
[Site "Olympik hotel, Sokolovska 138,"]
[Date "2019.08.02"]
[Round "1"]
[White "Slampa, Jan"]
[Black "Stojkovic, Andreja"]
[Result "1-0"]
[WhiteElo "2245"]
[BlackElo "1968"]
[PlyCount "67"]
[EventDate "2019.08.02"]

1. d4 f5 2. Nf3 Nf6 3. g3 g6 4. Bg2 Bg7 5. O-O O-O 6. Re1 d6 7. Nc3 d5 8. Bf4
c6 9. Na4 h6 10. b3 g5 11. Bc1 Ne4 12. Ne5 Nd7 13. f3 Nd6 14. Bb2 f4 15. gxf4
Rxf4 16. e3 Rf8 17. e4 dxe4 18. Nxd7 Qxd7 19. Nc5 Qf5 20. fxe4 Qf2+ 21. Kh1 Qh4
22. e5 g4 23. Qd3 Nf5 24. e6 g3 25. h3 Nd6 26. Re3 Nf5 27. Re4 Qh5 28. Rg4 b6
29. d5 bxc5 30. Bxg7 Nxg7 31. Qc3 Rf6 32. Qxg3 Kh8 33. Rxg7 Ba6 34. Be4 1-0

[Event "Summer Prague Open 2019 - B"]
[Site "Olympik hotel, Sokolovska 138,"]
[Date "2019.08.02"]
[Round "1"]
[White "Atnilov, Boris"]
[Black "Rameker, Robert"]
[Result "1-0"]
[WhiteElo "2053"]
[BlackElo "1556"]
[PlyCount "57"]
[EventDate "2019.08.02"]

1. e4 c6 2. d4 d5 3. exd5 cxd5 4. c4 Nc6 5. Nf3 Bg4 6. Be3 Nf6 7. Nc3 e6 8.
cxd5 Nxd5 9. Bb5 Bb4 10. Bd2 O-O 11. Bxc6 bxc6 12. O-O Qa5 13. Nxd5 cxd5 14. a3
Bxd2 15. Qxd2 Qb6 16. Ne5 Bf5 17. Nd7 Qb3 18. Nxf8 Kxf8 19. Rac1 Rb8 20. Qc3 a6
21. Qc5+ Ke8 22. Qc6+ Ke7 23. Qc7+ Ke8 24. Qc6+ Ke7 25. Qxa6 Rb6 26. Qa7+ Kf6
27. Qc7 Qxb2 28. Qe5+ Kg6 29. h4 1-0

[Event "Summer Prague Open 2019 - B"]
[Site "Olympik hotel, Sokolovska 138,"]
[Date "2019.08.02"]
[Round "1"]
[White "Engel, Tomas"]
[Black "Kastner, Oldrich"]
[Result "0-1"]
[WhiteElo "1552"]
[BlackElo "2033"]
[PlyCount "48"]
[EventDate "2019.08.02"]

1. e4 Nf6 2. e5 Nd5 3. c4 Nb6 4. d4 d6 5. Nf3 Bg4 6. Be2 e6 7. b3 Be7 8. O-O
O-O 9. Nbd2 dxe5 10. dxe5 f5 11. exf6 Bxf6 12. Ba3 Rf7 13. Rc1 Rd7 14. Qe1 Bf5
15. c5 Nd5 16. Bc4 Nc6 17. Ne4 Nf4 18. Nxf6+ Qxf6 19. Qe3 Bd3 20. Rfe1 Kh8 21.
Ne5 Nxe5 22. Qxe5 Qxe5 23. Rxe5 Bxc4 24. bxc4 Nd3 0-1

[Event "Summer Prague Open 2019 - B"]
[Site "Olympik hotel, Sokolovska 138,"]
[Date "2019.08.02"]
[Round "1"]
[White "Korenek, Frantisek"]
[Black "Kuchta, Jiri"]
[Result "1-0"]
[WhiteElo "1956"]
[BlackElo "1551"]
[PlyCount "65"]
[EventDate "2019.08.02"]

1. Nf3 Nf6 2. d4 e6 3. g3 b6 4. Bg2 Bb7 5. O-O Be7 6. c4 O-O 7. Nc3 d5 8. cxd5
exd5 9. Bg5 Ne4 10. Bxe7 Qxe7 11. Rc1 a6 12. e3 Nd7 13. Nd2 f5 14. Ncxe4 dxe4
15. Rxc7 Bd5 16. a3 Qd6 17. Rc3 g6 18. Qc2 Nf6 19. Rc1 h5 20. Bf1 h4 21. Nc4
Qd8 22. Ne5 hxg3 23. hxg3 Ng4 24. Nxg4 fxg4 25. Bc4 Ra7 26. Qxe4 Bxc4 27. Rxc4
Qf6 28. R1c2 Re7 29. Qd5+ Kh8 30. Rc6 Qg7 31. Qg5 Rf5 32. Qxg4 Ref7 33. Rxg6
1-0

[Event "Summer Prague Open 2019 - B"]
[Site "Olympik hotel, Sokolovska 138,"]
[Date "2019.08.02"]
[Round "1"]
[White "Seiner, Frantisek"]
[Black "Soural, Karel"]
[Result "0-1"]
[WhiteElo "1550"]
[BlackElo "1923"]
[PlyCount "88"]
[EventDate "2019.08.02"]

1. e4 e5 2. Nf3 Nc6 3. Bc4 Nf6 4. d3 Be7 5. Nc3 d6 6. Bg5 O-O 7. O-O Bg4 8. h3
Bh5 9. Bxf6 Bxf6 10. g4 Bg6 11. Nd5 Na5 12. Bb3 Nxb3 13. axb3 a6 14. Qd2 c6 15.
Ne3 d5 16. Nf5 Bxf5 17. gxf5 dxe4 18. dxe4 Qxd2 19. Nxd2 Rad8 20. Rfd1 Rd7 21.
Kf1 g6 22. fxg6 fxg6 23. Nc4 Rfd8 24. Rxd7 Rxd7 25. Ke2 Kf7 26. Rd1 Rxd1 27.
Kxd1 b5 28. Ne3 Bg5 29. Ng4 Ke6 30. c3 h5 31. Nh2 Bf4 32. Nf1 Kf6 33. Ng3 Kg5
34. Ne2 Bh2 35. Ke1 Kh4 36. f4 exf4 37. e5 f3 38. Nd4 Bg3+ 39. Kf1 Kxh3 40.
Nxc6 g5 41. e6 Bd6 42. Nd4 g4 43. Nf5 g3 44. Ne3 Kh2 0-1

[Event "Summer Prague Open 2019 - B"]
[Site "Olympik hotel, Sokolovska 138,"]
[Date "2019.08.02"]
[Round "1"]
[White "Jaeger, Andre"]
[Black "Veselsky, Jan"]
[Result "1-0"]
[WhiteElo "1897"]
[BlackElo "1546"]
[PlyCount "81"]
[EventDate "2019.08.02"]

1. d4 d5 2. c4 e6 3. Nc3 c5 4. cxd5 exd5 5. Nf3 Nf6 6. Bg5 Be6 7. e3 Nc6 8. Bd3
Rc8 9. O-O Be7 10. Rc1 cxd4 11. exd4 O-O 12. h3 a6 13. Qe2 Re8 14. Rfd1 b5 15.
a4 b4 16. Nb1 a5 17. Nbd2 Qb6 18. Nb3 Nb8 19. Be3 Nbd7 20. Bb5 Red8 21. Ne5 Qb8
22. Nc6 Qd6 23. Nxd8 Rxd8 24. Nxa5 Ra8 25. Nc6 Nb6 26. Nxe7+ Qxe7 27. b3 h6 28.
Rc6 Nbd7 29. Rdc1 Ne4 30. Rc8+ Rxc8 31. Rxc8+ Kh7 32. Rc7 Qd6 33. Rc6 Qe7 34.
Qc2 Bf5 35. Bd3 g6 36. g4 Be6 37. Bxe4 dxe4 38. Qxe4 Qh4 39. Rxe6 fxe6 40. Qxe6
Nf8 41. Qf7+ 1-0

[Event "Summer Prague Open 2019 - B"]
[Site "Olympik hotel, Sokolovska 138,"]
[Date "2019.08.02"]
[Round "1"]
[White "Trefilik, Jiri"]
[Black "Skurihin, Roman"]
[Result "1-0"]
[WhiteElo "1529"]
[BlackElo "1887"]
[PlyCount "103"]
[EventDate "2019.08.02"]

1. e4 e5 2. Nf3 Nc6 3. Bc4 Bc5 4. d3 h6 5. c3 Qe7 6. Be3 Nf6 7. Nbd2 d6 8. d4
Bb6 9. Qc2 a6 10. h3 Nd8 11. O-O Bd7 12. Rad1 O-O 13. Nh4 Nc6 14. Ng6 Qe8 15.
Nxf8 Kxf8 16. Nf3 Nh5 17. Qe2 Nf4 18. Bxf4 exf4 19. e5 Qe7 20. exd6 cxd6 21.
Qxe7+ Kxe7 22. Rfe1+ Kf6 23. Re4 g5 24. Rde1 Bd8 25. Bb3 Ne7 26. Kh2 a5 27. a3
Ra6 28. R4e2 a4 29. Ba2 h5 30. h4 gxh4 31. Nxh4 Ra5 32. Re4 Nd5 33. Bxd5 Rxd5
34. Rxf4+ Kg7 35. g3 Rb5 36. Re2 Bg5 37. Rfe4 Bc6 38. c4 Bxe4 39. cxb5 Bd3 40.
Re1 Bc2 41. f4 Bf6 42. Re2 Bd3 43. Rd2 Bb1 44. Kg2 Kf8 45. Kf2 Ke7 46. Ke3 Ke6
47. Nf3 Kd5 48. Rd1 Ba2 49. Rh1 h4 50. gxh4 Kc4 51. h5 Kxb5 52. h6 1-0

[Event "Summer Prague Open 2019 - B"]
[Site "Olympik hotel, Sokolovska 138,"]
[Date "2019.08.02"]
[Round "1"]
[White "Svetly, Jiri"]
[Black "Viviers, Neil"]
[Result "1-0"]
[WhiteElo "1871"]
[BlackElo "1528"]
[PlyCount "75"]
[EventDate "2019.08.02"]

1. d4 Nf6 2. c4 g6 3. Nc3 Bg7 4. e4 d6 5. Bg5 O-O 6. Qd2 e5 7. dxe5 dxe5 8.
Qxd8 Rxd8 9. Nd5 Nxd5 10. Bxd8 Nb4 11. Kd2 N8a6 12. Bh4 Nc6 13. Kc3 Nc5 14. f3
Na4+ 15. Kb3 Nc5+ 16. Kc2 Nd4+ 17. Kb1 f5 18. Be7 Na6 19. Ne2 c5 20. Nxd4 exd4
21. a3 Kf7 22. Bh4 Bd7 23. Bd3 Bh6 24. exf5 gxf5 25. Kc2 Nc7 26. f4 Rg8 27. g3
Ne8 28. Rhe1 Nf6 29. Re5 Bg7 30. Rae1 Bf8 31. Bxf5 Bd6 32. Be6+ Kg7 33. Bxf6+
Kxf6 34. Bxd7 Bxe5 35. Rxe5 Rd8 36. Bg4 b6 37. Kd3 h6 38. b4 1-0

[Event "Summer Prague Open 2019 - B"]
[Site "Olympik hotel, Sokolovska 138,"]
[Date "2019.08.02"]
[Round "1"]
[White "Rychtecky, Pavel"]
[Black "Stern, Philipp"]
[Result "1/2-1/2"]
[WhiteElo "1522"]
[BlackElo "1853"]
[PlyCount "86"]
[EventDate "2019.08.02"]

1. e4 c5 2. Nf3 g6 3. d4 cxd4 4. Nxd4 Nc6 5. Be3 Nf6 6. Nc3 Bg7 7. Bc4 Qa5 8.
O-O O-O 9. f3 d6 10. Qd2 Bd7 11. Rfd1 Rfc8 12. Bb3 Ne5 13. Nce2 Qxd2 14. Rxd2
Nc4 15. Bxc4 Rxc4 16. b3 Rc7 17. c4 Be8 18. Nc3 a6 19. a4 Bd7 20. h3 Be6 21.
Nd5 Bxd5 22. exd5 Nd7 23. Rb1 Nc5 24. Re2 Rb8 25. a5 f5 26. b4 Nd3 27. Rc2 Rbc8
28. c5 f4 29. Ne6 fxe3 30. Nxc7 Rxc7 31. Kf1 dxc5 32. Ke2 c4 33. Kxe3 Bh6+ 34.
Ke4 Kf7 35. g3 g5 36. b5 Nc5+ 37. Kf5 e6+ 38. Ke5 exd5 39. Kxd5 axb5 40. Rxb5
Nd7 41. Rxc4 Nf6+ 42. Kd4 Rd7+ 43. Kc3 Nd5+ 1/2-1/2

[Event "Summer Prague Open 2019 - B"]
[Site "Olympik hotel, Sokolovska 138,"]
[Date "2019.08.02"]
[Round "1"]
[White "Nguyen, Thai Dang Vi"]
[Black "Guggenheim, Hans"]
[Result "0-1"]
[WhiteElo "1503"]
[BlackElo "1847"]
[PlyCount "72"]
[EventDate "2019.08.02"]

1. e4 c5 2. Nf3 g6 3. d4 cxd4 4. Nxd4 Nc6 5. Be3 Bg7 6. Nc3 Nf6 7. Bc4 O-O 8.
O-O Nxe4 9. Nxe4 d5 10. Bxd5 Qxd5 11. Nc3 Qc4 12. Nxc6 bxc6 13. Qd3 Qb4 14. Qe4
Qxe4 15. Nxe4 Bxb2 16. Rab1 Be5 17. Rb4 Rd8 18. f3 Be6 19. Rb7 Bxa2 20. Rxe7
Bd4 21. Bxd4 Rxd4 22. Ra1 Kf8 23. Rc7 Bd5 24. Nf6 a5 25. c3 Rc4 26. Nxd5 cxd5
27. Rxc4 dxc4 28. Ra4 Ke7 29. Rxc4 a4 30. Rb4 a3 31. Rb1 a2 32. Ra1 Kd6 33. Kf2
Kc5 34. Ke3 Kc4 35. Kd2 Kb3 36. c4 Kb2 0-1

[Event "Summer Prague Open 2019 - A"]
[Site "Olympik hotel, Sokolovska 138,"]
[Date "2019.08.03"]
[Round "2"]
[White "Jansen, Bob"]
[Black "Qashashvili, Alexandre"]
[Result "0-1"]
[WhiteElo "2148"]
[BlackElo "2497"]
[PlyCount "64"]
[EventDate "2019.08.02"]

1. d4 d5 2. Bf4 Nf6 3. e3 c5 4. c3 Nc6 5. Nd2 e6 6. Ngf3 Bd6 7. Bg3 Qe7 8. Ne5
Nd7 9. Bb5 Bxe5 10. dxe5 O-O 11. f4 f6 12. exf6 Nxf6 13. O-O Bd7 14. Bh4 a6 15.
Bd3 e5 16. f5 c4 17. Bc2 e4 18. g4 h6 19. Kh1 Ne5 20. Rg1 Bc6 21. h3 Rae8 22.
Kh2 Qc5 23. Re1 Nd3 24. Bxd3 exd3 25. Nf3 Rxe3 26. Nd4 Qd6+ 27. Kg2 Rfe8 28.
Rxe3 Rxe3 29. Bf2 Ne4 30. Bxe3 Qg3+ 31. Kh1 Qxh3+ 32. Kg1 Qxe3+ 0-1